| 000 | 00964nam a2200313 i 4500 | ||
|---|---|---|---|
| 003 | EG-GICUC | ||
| 005 | 20260508182125.0 | ||
| 008 | 260508s1958 fr ||||fr|||| 00| 0 fre d | ||
| 040 |
_aEG-GiCUC _bfre _cEG-GiCUC _dEG-GiCUC _eRda |
||
| 041 | _afre | ||
| 082 | 0 | 4 |
_221 _a345.3183 _bJO.T |
| 092 | 0 | 4 | _221 |
| 099 | _aLaw1 07 345.3183 JO.T 1958 | ||
| 100 | 1 |
_aJosse , P. L _eAuteur |
|
| 245 |
_aLes Travaux Publics Et L'Expropriation / _c P. L. Josse . |
||
| 264 |
_aParis : _bEDITIONS SIREY , _c1958 . |
||
| 300 |
_a449 page ; _c 24 cm. |
||
| 336 |
_2rda contenu _a texte |
||
| 337 |
_2rda medias _aOrdinateur |
||
| 338 |
_2 transporteur rda _a Ressource en ligne |
||
| 490 | _aTRAITÉS SIREY | ||
| 546 | _aTexte en français | ||
| 650 | 1 | _aDroit administratif | |
| 650 | 1 | _aExpropriation pour cause d'utilité publique | |
| 651 | 1 | _2qrmak | |
| 856 | 4 | 0 | _uhttps://fll.law.cu.edu.eg/fulltext/bks/B07-06287.pdf |
| 905 | _a60 | ||
| 942 |
_2ddc _cBK _e21 _n0 |
||
| 999 |
_c76317 _d76317 |
||